000 00428nam a2200181Ia 4500
001 11540
005 20260306162835.0
008 260306t1981||||xx |||||||||||||| ||spa||
041 _aESP
082 _a985.072
_bM43
100 _aMercado Jarrín, Edgardo
_eAUT
245 0 _aEl conflicto con Ecuador
260 _c1981
300 _a155 páginas :
_c17 cm.
650 _aGEN
654 _aCHU
942 _cLIB
_dJUS
_fJUS
_2ddc
_n
999 _c11540
_d11540